| 000 | 00617nam a2200229 a 4500 | ||
|---|---|---|---|
| 001 | 000019118 | ||
| 003 | DO-SdBNP | ||
| 005 | 20220221112242.0 | ||
| 008 | 100526s2008 dr r 000 0 spa d | ||
| 020 | _a9789945140699 | ||
| 040 |
_aDO-SdBNP _bspa _cBPMSU |
||
| 082 |
_aRD861 _bP744e 2009 _222 |
||
| 245 | 0 | 4 | _aLos poemas de esperanza. |
| 260 |
_aSanto Domingo : _bCorripio, _c2008. |
||
| 300 |
_a119 p. ; _c23 cm. |
||
| 590 | _aInventariado, 2021/VM | ||
| 650 | 4 | _aPoesía dominicana | |
| 650 | 4 | _aPoesía religiosa dominicana | |
| 650 | 4 | _aLiteratura dominicana. | |
| 910 | _a VMateo V. | ||
| 942 |
_2ddc _cBK |
||
| 999 |
_c13753 _d13753 |
||